Psychologie nemocných a tělesně postižených dětí

Hlavní autor: Matějček, Zdeněk, 1922-2004
Jazyk: Čeština
Vydáno: Praha, 1970
Knihy
Uloženo v:
LEADER 00518nam a22001692a 4500
001 000092189
003 CZ BrMZK
005 19950101143423.0
007 ta
008 950101s1970 xr f cze d
040 |a BOA001  |b cze 
100 1 |a Matějček, Zdeněk,  |d 1922-2004  |7 jk01080640 
245 1 0 |a Psychologie nemocných a tělesně postižených dětí 
260 |a Praha,  |c 1970 
910 |a BOA001  |b 4-0648.190 
990 |a BK 
996 7 |b 2619983296  |c 4-0648.190  |l MZK  |r Sklad / do 1 hodiny  |n 42  |w 000092189  |u 000010  |a 1  |e BOA001  |j MZK50  |s A